Est-ce une variété de pommes ou de poires ? - Statistiques

Statistiques générales
  • Ce quiz a été pris 118 fois
  • Le résultat moyen est 25 sur 36
Statistiques - réponses
Hint Réponse % Correct
Golden Delicious Pomme
92%
Reine des Reinettes Pomme
92%
Reinette du Canada Pomme
91%
Granny smith Pomme
91%
Pink Lady Pomme
91%
Louise Bonne Poire
88%
Gala Pomme
86%
Williams Poire
81%
Passe-Crassane Poire
80%
Anjou Poire
72%
Concorde Poire
71%
Conférence Poire
71%
Rubinette Pomme
71%
Guyot Poire
69%
Elstar Pomme
68%
Jazz Pomme
68%
Jonagold Pomme
67%
Red williams Poire
66%
Honey crunch Pomme
65%
Beurré Giffard Poire
64%
Bosksoop Pomme
64%
Fuji Pomme
64%
Idared Pomme
64%
Pérouille Poire
62%
Forelle Poire
61%
Jazz Pomme
60%
Beurré Hardy Poire
59%
Tentation Pomme
58%
Bosc Poire
56%
Mouille Bouche Poire
55%
Doyenné du Comice Poire
55%
Goldrush Delisdor Pomme
53%
Braeburn Pomme
51%
Seckel Poire
47%
Gasparine Poire
45%
Colmar de Chin Poire
45%
Aucun quiz correspondant
Distribution des résultats
% des personnes avec chaque résultat
Percentile par nombre de réponses
Votre historique - résultats
Vous n’avez pas pris ce quiz